01217nam a22002655i 4500001000700000003000900007005001700016008004100033040003000074100003800104245015700142250006000299260007300359300003100432490005800463650004000521700004100561700005700602752002000659752002300679830006600702852003800768999001900806952012600825157480ES-MaACL20250721193131.0021022s1878 it |||| | ita d aCCPB | B bspa cCCPB | B1 aLeidesdorf, Massimiliano.912885810aTrattato delle malattie mentali / cdel dott. Massimiliano Leidesdorf ; tradusse liberamente dal tedesco ... il dott. Francesco barone Ungern Sternberg. aEd. originale italiana ... / dal dott. Maurizio Schiff. aRoma [etc.] : bErmanno Loescher, c1878 (eTorino : fTip. V. Bona) aVI, [2], 712 p. ; c20 cm.1 aBiblioteca dello studente e del medico pratico ; v12 7aEnfermedades mentales2embne91226311aSchiff, Maurizio, eed. lit.913254521aUngern Sternberg, Frank c, Barón, etrad.9133448 aItalia - dRoma aItalia - dTurín0 aBiblioteca dello studente e del medico pratico ; v129221792 aES-MaACLjF-12510 z-- Enc. pasta c157480d157480 001040708LIBXIXaATENEOMbATENEOMcSPP2d2008-01-17eSSCl0oF-12510p1164798r2023-02-23 00:00:00w2023-02-23yMONANT